Anthony Fantano's 55 Best Rappers of All Time - Statistics

General Stats
  • This quiz has been taken 350 times
  • The average score is 20 of 55
Answer Stats
Answer % Correct
Kendrick Lamar
92%
2Pac
88%
The Notorious B.I.G.
88%
Kanye West
87%
Eminem
81%
Drake
78%
Jay-Z
77%
Nas
74%
Snoop Dogg
66%
Ice Cube
64%
Lil Wayne
64%
André 3000
63%
MF DOOM
55%
Ghostface Killah
48%
GZA
48%
Nicki Minaj
48%
Tyler, the Creator
48%
Lauryn Hill
45%
Rakim
42%
Big Boi
40%
Raekwon
38%
Pusha T
34%
Q-Tip
34%
Yasiin Bey
34%
LL Cool J
33%
Missy Elliott
31%
Lil' Kim
30%
Ol' Dirty Bastard
30%
Common
29%
Danny Brown
29%
Busta Rhymes
28%
Black Thought
27%
Freddie Gibbs
26%
Lil B
23%
Big Daddy Kane
22%
T.I.
22%
Aesop Rock
21%
MC Ride
21%
Queen Latifah
21%
Scarface
20%
Slick Rick
20%
Lupe Fiasco
19%
Bun B
18%
Chuck D
17%
Del tha Funkee Homosapien
17%
El-P
17%
KRS-One
17%
Billy Woods
12%
Juicy J
12%
Daveed Diggs
9%
Gangsta Boo
9%
Pharoahe Monch
9%
Dizzee Rascal
7%
M.I.A.
6%
Erick Sermon
4%
No matching quizzes found
Score Distribution
Percent of People with Each Score
Percentile by Number Answered
Your Score History
You have not taken this quiz